书目信息 |
| 题名: |
美术
|
|
| 作者: | 周祖强 主编 ;陈佳屹 , 刘大林 参编 | |
| 分册: | ||
| 出版信息: | 北京 高等教育出版社 2012.12 |
|
| 页数: | 268页 | |
| 开本: | 28cm | |
| 丛书名: | 全国五年制高专学前教师教育教材 | |
| 单 册: | ||
| 中图分类: | J-43 | |
| 科图分类: | ||
| 主题词: | 美术--高等职业教育--教材 | |
| 电子资源: | ||
| ISBN: | 978-7-04-036406-4 | |
| 000 | 01138oam2 2200301 45 | |
| 001 | 1360119312 | |
| 005 | 20130530093953.04 | |
| 010 | @a978-7-04-036406-4@dCNY48.00 | |
| 100 | @a20130513d2012 em y0chiy0121 ea | |
| 101 | 0 | @achi |
| 102 | @aCN@b110000 | |
| 105 | @aa a 000yy | |
| 106 | @ar | |
| 200 | 1 | @a美术@AMei Shu@f周祖强主编@FZhou Zu Qiang Zhu Bian@g刘大林 ... [等] 参编 |
| 210 | @a北京@c高等教育出版社@d2012.12 | |
| 215 | @a268页@c图 (部分彩图)@d28cm | |
| 225 | 2 | @a全国五年制高专学前教师教育教材 |
| 304 | @a题名页题: 刘大林, 陈佳屹, 李文菊, 朱晓飞, 高玉龙参编 | |
| 320 | @a有书目 | |
| 330 | @a本书共十一章, 内容概括起来可分为基础绘画与图案、设计技能训练, 幼儿园绘画技能训练, 幼儿园手工制作技能训练三大部分。书中编入了一定量的美术基础知识和理论、范例演示、阅读链接等信息, 融科学性、知识性、趣味性为一体。 | |
| 461 | 0 | @12001 @a全国五年制高专学前教师教育教材 |
| 606 | 0 | @a美术@x高等职业教育@j教材 |
| 690 | @aJ-43@v5 | |
| 701 | 0 | @a周祖强@AZhou Zu Qiang@4主编 |
| 702 | 0 | @a陈佳屹@AChen Jia Yi@4参编 |
| 702 | 0 | @a刘大林@ALiu Da Lin@4参编 |
| 801 | @aCN@bTANGWEI@c20130523 | |
| 905 | @b0834530-32@dJ-43@e39@f3 | |
| 美术/周祖强主编/刘大林 ... [等] 参编.-北京:高等教育出版社,2012.12 |
| 268页:图 (部分彩图);28cm.-(全国五年制高专学前教师教育教材) |
| ISBN 978-7-04-036406-4:CNY48.00 |
| 本书共十一章, 内容概括起来可分为基础绘画与图案、设计技能训练, 幼儿园绘画技能训练, 幼儿园手工制作技能训练三大部分。书中编入了一定量的美术基础知识和理论、范例演示、阅读链接等信息, 融科学性、知识性、趣味性为一体。 |
| ● |
| 相关链接 |
|
|
|
|
正题名:美术
索取号:J-43/39
 
预约/预借
| 序号 | 登录号 | 条形码 | 馆藏地/架位号 | 状态 | 备注 |
| 1 | 0834530 | 208345307 | 第一样本阅览室/ [索取号:J-43/39] | 在馆 | |
| 2 | 0834531 | 208345316 | 第一借阅区/ [索取号:J-43/39] | 在馆 | |
| 3 | 0834532 | 208345325 | 密集书库-美术系/ [索取号:J-43/39] | 在馆 |